Normal view MARC view
  • Property Industry Alliance

Entry Corporate Name

Number of records used in: 13

001 - CONTROL NUMBER

  • control field: 5725

003 - CONTROL NUMBER IDENTIFIER

  • control field: SIRSI

005 - DATE AND TIME OF LATEST TRANSACTION

  • control field: 20190806150245.0

008 - FIXED-LENGTH DATA ELEMENTS

  • fixed length control field: 090424n| aaannaabn |n ana d

040 ## - CATALOGING SOURCE

  • Original cataloging agency: OSt
  • Transcribing agency: OSt

110 2# - HEADING--CORPORATE NAME

  • Corporate name or jurisdiction name as entry element: Property Industry Alliance

670 ## - SOURCE DATA FOUND

  • Source citation: Property Industry Alliance Research Outputs Newsletter, 2009-